Art In Direction A Biography of Nitish Roy/ (Record no. 187664)

MARC details
000 -LEADER
fixed length control field 00566nam a22001817a 4500
005 - DATE AND TIME OF LATEST TRANSACTION
control field 20220427124210.0
010 ## - LCCN (DPL NO)
LC control number ENG-132422
020 ## - INTERNATIONAL STANDARD BOOK NUMBER
International Standard Book Number 9789382040248
Terms of availability 1500.00
035 ## - SYSTEM CONTROL NUMBER
System control number EN-115954
037 ## - SOURCE OF ACQUISITION
Source of stock number/acquisition DBAD/PUB
082 ## - DEWEY DECIMAL CLASSIFICATION NUMBER
Classification number 791.43025092
100 ## - MAIN ENTRY--PERSONAL NAME
Personal name Datta, Debaditya
245 ## - TITLE STATEMENT
Title Art In Direction A Biography of Nitish Roy/
Statement of responsibility, etc Debaditya Datta
260 ## - PUBLICATION, DISTRIBUTION, ETC. (IMPRINT)
Place of publication, distribution, etc Kolkata
Name of publisher, distributor, etc Sankar Mondal
Date of publication, distribution, etc 2015
270 ## - ADDRESS
Address 209A, Bidhan Sarani
City Kolkata
Postal code 700006
Electronic mail address deepprakashan@gmail.com
300 ## - PHYSICAL DESCRIPTION
Extent x, 246p.
Dimensions 28cm(hbk)
942 ## - ADDED ENTRY ELEMENTS (KOHA)
Source of classification or shelving scheme Dewey Decimal Classification
Item type English Books
Classification part 791.46025092
Call number suffix DAT
Holdings
Withdrawn status Lost status Not for loan Collection code Home library Current library Date acquired Source of acquisition Cost, normal purchase price Full call number Barcode Copy number Cost, replacement price Koha item type
      Non-fiction Bawana Bawana 27/04/2022 DBAD/PUB 1500.00 791.46025092 DAT EN-115954 1 1500.00 English Books

© Delhi Public Library
Hit Counter
free hit counter